00203nam a2200073Ia 4500008004100000082000800041100002100049245005900070240331s9999 xx 000 0 und d bDEV aKotze, D.A, . ed 0aDevelopment policies and approaches in Southern Africa